000 00614nam a2200217Ia 4500
005 20241129110014.0
008 241129s9999||||xx |||||||||||||| ||und||
020 _a9780824883423
037 _aTB
040 _aARTS
_beng
_cARTS
041 _aeng
_2eng
084 _aNA44,C R1
_qARTS
100 _aJones C. V. Au.
_9726822
245 0 _aBuddhist self : on tathagatagarbha and atman
_cJones C. V. Au.
260 _aHonolulu, USA
_bUniversity of Hawai'i Press
_c2021
300 _axv,296p.
365 _aUSD
_b68
650 _aArtsArchitecture
942 _cTB
_hNA44,C R1
999 _c1226956
_d1226956